Statistics for Every Clash Royale Card

Click here to take the quiz!

General Stats

  • This quiz has been taken 27 times
  • The average score is 34 of 112

Answer Stats

CostRarityTypeAnswer% Correct
5RareTroopWizard
77%
3CommonTroopKnight
69%
5EpicTroopPrince
69%
3CommonBuildingCannon
62%
5RareTroopGiant
62%
1CommonTroopSkeletons
62%
2LegendarySpellThe Log
62%
5EpicTroopWitch
62%
2CommonSpellZap
62%
5ChampionTroopArcher Queen
54%
3CommonTroopArchers
54%
4EpicTroopBaby Dragon
54%
4RareSpellFireball
54%
4RareTroopHog Rider
54%
4LegendaryTroopInferno Dragon
54%
7LegendaryTroopMega Knight
54%
3LegendaryTroopMiner
54%
2EpicSpellRage
54%
3EpicTroopSkeleton Army
54%
4CommonBuildingTesla
54%
3CommonSpellArrows
46%
5EpicTroopBalloon
46%
5CommonTroopBarbarians
46%
4LegendaryTroopElectro Wizard
46%
2CommonTroopGoblins
46%
8EpicTroopGolem
46%
3LegendaryTroopIce Wizard
46%
5RareBuildingInferno Tower
46%
6EpicSpellLightning
46%
4LegendaryTroopLumberjack
46%
4ChampionTroopSkeleton King
46%
4ChampionTroopGolden Knight
38%
5LegendarySpellGraveyard
38%
7LegendaryTroopLava Hound
38%
3ChampionTroopLittle Prince
38%
4RareTroopMusketeer
38%
4EpicSpellPoison
38%
6RareSpellRocket
38%
6CommonTroopRoyal Giant
38%
4RareTroopValkyrie
38%
4RareBuildingBomb Tower
31%
3EpicSpellClone
31%
5EpicTroopElectro Dragon
31%
7EpicTroopElectro Giant
31%
3CommonTroopFirecracker
31%
6EpicTroopGiant Skeleton
31%
5RareBuildingGoblin Hut
31%
2RareTroopIce Golem
31%
4ChampionTroopMighty Miner
31%
5ChampionTroopMonk
31%
4CommonBuildingMortar
31%
4LegendaryTroopNight Witch
31%
3LegendaryTroopPrincess
31%
9RareSpellThree Musketeers
31%
6EpicBuildingX-Bow
31%
6RareBuildingBarbarian Hut
23%
2CommonTroopBats
23%
2CommonTroopBomber
23%
4EpicTroopDark Prince
23%
6RareBuildingElixir Collector
23%
3RareTroopElixir Golem
23%
1CommonTroopFire Spirit
23%
3EpicSpellGoblin Barrel
23%
3CommonTroopGoblin Gang
23%
1RareTroopHeal Spirit
23%
4EpicTroopHunter
23%
1CommonTroopIce Spirit
23%
4LegendaryTroopMagic Archer
23%
4RareTroopMini P.E.K.K.A.
23%
?EpicSpellMirror
23%
4LegendaryTroopMother Witch
23%
7EpicTroopP.E.K.K.A.
23%
5LegendaryTroopRam Rider
23%
3LegendaryTroopRoyal Ghost
23%
3CommonTroopSkeleton Barrel
23%
6LegendaryTroopSparky
23%
2EpicTroopWall Breakers
23%
2EpicSpellBarbarian Barrel
15%
4RareTroopBattle Healer
15%
4RareTroopBattle Ram
15%
3RareTroopDart Goblin
15%
6CommonTroopElite Barbarians
15%
5EpicTroopExecutioner
15%
4EpicSpellFreeze
15%
4RareBuildingFurnace
15%
2CommonSpellGiant Snowball
15%
6EpicTroopGoblin Giant
15%
3EpicTroopGuards
15%
3CommonTroopMinions
15%
4LegendaryTroopPhoenix
15%
3CommonSpellRoyal Delivery
15%
7CommonTroopRoyal Recruits
15%
4CommonTroopSkeleton Dragons
15%
2CommonTroopSpear Goblins
15%
3EpicSpellTornado
15%
4RareTroopZappies
15%
3LegendaryTroopBandit
8%
5EpicTroopBowler
8%
5EpicTroopCannon Cart
8%
3RareSpellEarthquake
8%
1CommonTroopElectro Spirit
8%
3LegendaryTroopFisherman
8%
4RareTroopFlying Machine
8%
4RareBuildingGoblin Cage
8%
4EpicBuildingGoblin Drill
8%
5CommonTroopMinion Horde
8%
3RareBuildingTombstone
8%
N/AEpicTower TroopCannoneer
0%
3RareTroopMega Minion
0%
5CommonTroopRascals
0%
5RareTroopRoyal Hogs
0%
N/ACommonTower TroopTower Princess
0%

Score Distribution

Percentile by Number Answered

Percent of People with Each Score

Your Score History

You have not taken this quiz